English grammar : (Record no. 39664)

MARC details
000 -LEADER
fixed length control field 00619nam a22001937a 4500
005 - DATE AND TIME OF LATEST TRANSACTION
control field 2010080609519.0
010 ## - LCCN (DPL NO)
LC control number ENG-98605
020 ## - INTERNATIONAL STANDARD BOOK NUMBER
Terms of availability 70.00
035 ## - SYSTEM CONTROL NUMBER
System control number EN-82138
037 ## - SOURCE OF ACQUISITION
Source of stock number/acquisition DBAD/PUB
082 ## - DEWEY DECIMAL CLASSIFICATION NUMBER
Classification number 485
100 ## - MAIN ENTRY--PERSONAL NAME
Personal name Raju, S.
245 ## - TITLE STATEMENT
Title English grammar :
Remainder of title with supplementary exercises /
Statement of responsibility, etc by S. Raju
260 ## - PUBLICATION, DISTRIBUTION, ETC. (IMPRINT)
Place of publication, distribution, etc Dharmapuri
Name of publisher, distributor, etc Akshay Publications
Date of publication, distribution, etc 2008
270 ## - ADDRESS
Address 27, Sundaram Street,
City Dharmapuri
Postal code 636701
300 ## - PHYSICAL DESCRIPTION
Extent 184p.
Dimensions 22cm (pbk)
942 ## - ADDED ENTRY ELEMENTS (KOHA)
Source of classification or shelving scheme Dewey Decimal Classification
Item type English Books
Classification part 485
Call number suffix RAJ
Holdings
Withdrawn status Lost status Not for loan Collection code Home library Current library Date acquired Source of acquisition Cost, normal purchase price Full call number Barcode Copy number Cost, replacement price Koha item type
    Not For Loan Non-fiction D.B.Act.Division D.B.Act.Division 06/08/2010 DBAD/PUB 70.00 485 RAJ EN-82138 1 70.00 English Books

© Delhi Public Library
Hit Counter
free hit counter